|
|
|
|
| LEADER |
00000nam a2200000 a 4500 |
| 001 |
vtls010593154 |
| 003 |
SK-MaSNL |
| 005 |
20260426012725.0 |
| 007 |
co cg auuua |
| 008 |
160429s2013 xo | fs 100 0 slo |
| 015 |
|
|
|a SNBS2015
|
| 020 |
|
|
|a 9788022334891 (elektronická kniha)
|
| 040 |
|
|
|a SNK
|b slo
|c SNK
|e AACR2
|
| 041 |
0 |
|
|a slo
|a eng
|
| 043 |
|
|
|a e-xo---
|
| 044 |
|
|
|a xo
|c SK
|
| 072 |
|
7 |
|a 502
|x Životné prostredie a jeho ochrana
|2 konspekt
|
| 080 |
|
|
|a 502.5
|2 2001
|
| 080 |
|
|
|a 911.53:63
|2 2001
|
| 080 |
|
|
|a (091)
|2 2001
|
| 080 |
|
|
|a (0.034.44)
|2 2001
|
| 080 |
|
|
|a (062.534)
|2 2001
|
| 080 |
|
|
|a (437.6)
|2 2001
|
| 245 |
0 |
0 |
|a Krajinnoekologický výskum historických prvkov agrárnej krajiny
|h elektronický zdroj
|b zborník príspevkov z medzinárodnej vedeckej konferencie, Bratislava, 14. novembra 2013
|c Hubert Žarnovičan (editor)
|
| 260 |
|
|
|a Bratislava
|b Univerzita Komenského
|c 2013
|
| 300 |
|
|
|a 1 elektronický optický disk (CD-ROM)
|b fareb.
|c 12 cm
|
| 500 |
|
|
|a Názov z titulnej obrazovky
|
| 504 |
|
|
|a Bibliogr. odkazy
|
| 516 |
|
|
|a Textový dokument (zborník), súbor vo formáte pdf
|
| 536 |
|
|
|a S podporou projektu VEGA 1/0544/11 "Krajinnoekologické hodnotenie historických prvkov agrárnej krajiny"
|
| 538 |
|
|
|a Technické požiadavky: PDF prehliadač
|
| 546 |
|
|
|a Text čiast. aj angl.
|
| 650 |
0 |
7 |
|a poľnohospodárska krajina
|2 SNKPH
|9 78928
|
| 650 |
0 |
7 |
|a krajinná ekológia
|2 SNKPH
|9 3811
|
| 650 |
0 |
7 |
|a Agricultural landscape
|2 SNKPHeng
|9 328731
|
| 650 |
0 |
7 |
|a Landscape ecology
|2 SNKPHeng
|9 265574
|
| 651 |
|
7 |
|a Slovensko
|2 SNKPHgeo
|9 14231
|
| 651 |
|
7 |
|a Slovakia
|2 SNKPHeng
|9 92630
|
| 655 |
|
7 |
|a elektronické zdroje
|2 SNKPH
|9 90954
|
| 655 |
|
7 |
|a CD-ROM
|2 SNKPH
|9 70236
|
| 655 |
|
7 |
|a zborníky konferencií
|2 SNKPH
|9 70153
|
| 655 |
|
7 |
|a Electronic resources
|2 SNKPHeng
|9 175546
|
| 655 |
|
7 |
|a Proceedings of conferences
|2 SNKPHeng
|9 265791
|
| 700 |
1 |
|
|a Žarnovičan, Hubert
|4 edt
|9 70248
|
| 919 |
|
|
|a 978-80-223-3489-1
|
| 958 |
|
|
|a NB
|
| 999 |
|
|
|c 1104114
|d 1106044
|
| 952 |
|
|
|a SNK
|b SNK
|y PREZ
|7 0
|p 17A1109003
|o snkSCDM 6484
|i snk2014/10058
|8 0
|0 0
|1 0
|4 0
|d 2014-04-24
|l 0
|r 2026-02-24 17:40:47
|w 2026-02-24
|